00689nam a2200169 i 450000100060000000300090000600500170001500700030003200800410003510000190007624501210009526000400021630000450025665000230030170000200032485201750034492964ES-MaACL20250812082830.0t|050406s1952 sp ||||1| spa d1 aLockrey, A. J.10aPlásticos de artesanía / cA. J. Lockrey; versión de la tercera edición en lengua inglesa por Luis Graupera. aBarcelona : bGustavo Gili, c1952. a239 p. : b1 lám. col., il. ; c26 cm. 7aArtesanía2embne1 aGraupera, Luis. aES-MaACLjD-6409 bR.32032bR.M.6004cSVIfSello en tinta azul de la Biblioteca del Ateneo de MadridgAnotación manuscrita en cubierta: "24"zEn cubierta: "16.OCT.1952"